000 01101nam0a22002891 4500
001 rc\4149967
005 20130415183310.3
021 _aRU
_b[51-15603]
035 _a(NLR Aleph) 008169129
090 _a7843098
_c7843098
100 _a20130415d1951 |||y0rusy50 ca
101 0 _arus
102 _aRU
105 _aab z |||||
200 1 _aСуданская трава
_fПод ред. М.П. Елсукова, А.П. Мовсисянца
_gВсесоюз. науч.-исслед. ин-т кормов им. В.Р. Вильямса
210 _aМосква
_cСельхозгиз
_d1951
215 _a184 с., 1 л. карт.
_cил.
_d23
320 _aБиблиогр. с. 175-82 (194 назв.)
606 _aСуданка
_xВозделывание
_2psbo
702 1 _aЕлсуков
_bМ. П.
_gМихаил Петрович
_4340
702 1 _aМовсисянц
_bА. П.
_4340
712 0 2 _aВНИИ кормов им. В. Р. Вильямса
_3RU\NLR\AUTH\889919759
801 0 _aRU
_bNLR
_gpsbo
801 1 _aRU
_bELAR
_2rusmarc
852 _aNLR
_jС50 Г-6/356
942 _cBOOK
980 _aNB